Tuổi thơ dữ dội Đi tìm thuốc cho Mẹ
Gorde:
| Egile nagusia: | |
|---|---|
| Formatua: | Liburua |
| Hizkuntza: | Vietnamese |
| Argitaratua: |
H.
Văn học
2006
|
| Gaiak: | |
| Etiketak: |
Etiketa erantsi
Etiketarik gabe, Izan zaitez lehena erregistro honi etiketa jartzen!
|
| Thư viện lưu trữ: | Mạng thư viện Đại học Đà Nẵng |
|---|
| LEADER | 01023nam a2200325 4500 | ||
|---|---|---|---|
| 001 | 000005997 | ||
| 003 | 2150 | ||
| 005 | 20120416100410.0 | ||
| 008 | 110829s2006 viesd | ||
| 020 | |c 87000đ | ||
| 041 | 0 | |a vie | |
| 082 | |a 895.9223 |b PH-Q | ||
| 100 | 0 | |a Phùng Quán | |
| 245 | 0 | |a Tuổi thơ dữ dội |b Đi tìm thuốc cho Mẹ |c Phùng Quán | |
| 260 | |a H. |b Văn học |c 2006 | ||
| 300 | |a 742 tr |c 21 cm | ||
| 653 | |a Văn học hiện đại | ||
| 653 | |a Việt Nam | ||
| 653 | |a Tiểu thuyết | ||
| 700 | |a Phùng Quán |e Tác giả | ||
| OWN | |a LSP | ||
| AVA | |a UDN50 |b LSP |d 895.9223 PH-Q |e available |t Error 5001 Not defined in file expand_doc_bib_avail. |f 4 |g 0 |h N |i 0 |k 1 | ||
| 999 | |a From the UDN01 | ||
| AVA | |a UDN50 |b LSP |d 895.9223 PH-Q |e available |t Error 5001 Not defined in file expand_doc_bib_avail. |f 4 |g 0 |h N |i 0 |k 1 | ||
| TYP | |a Monograph | ||
| TYP | |a Printed language | ||
| 980 | |a Mạng thư viện Đại học Đà Nẵng | ||